|
|
|
|
| LEADER |
00000nam2a2200000 4500 |
| 001 |
7981 |
| 005 |
20260225071557.0 |
| 010 |
|
|
|a 5879020045
|
| 035 |
|
|
|a (RuTPU)RU\TPU\book\8027
|
| 035 |
|
|
|a BOOK00008086
|
| 090 |
|
|
|a 7981
|
| 100 |
|
|
|a 20011209d1996 m y0rusy50 ca
|
| 101 |
0 |
|
|a rus
|
| 102 |
|
|
|a RU
|
| 105 |
|
|
|a y j 000zy
|
| 200 |
0 |
|
|a Т. 1 : Утопия у власти 1917-1945. Кн. 1 : Социализм в одной стране
|
| 210 |
|
|
|d 1996
|
| 215 |
|
|
|a 498 с.
|
| 461 |
|
1 |
|0 (RuTPU)RU\TPU\book\54766
|y 5-87902-086-X
|t История России. 1917-1995
|o учебное пособие для вузов
|o в 4 т.
|f М. Я. Геллер, А. М. Некрич
|v Т. 1 : Утопия у власти 1917-1945. Кн. 1 : Социализм в одной стране
|d 1996
|
| 606 |
|
|
|7 ca
|8 rus
|a Россия
|x История
|z 20 в. - ...
|2 stltpush
|3 (RuTPU)RU\TPU\subj\67773
|9 83439
|
| 610 |
1 |
|
|a СССР
|
| 610 |
1 |
|
|a 20 век
|
| 610 |
1 |
|
|a НЭП
|
| 610 |
1 |
|
|a Великая Отечественная война 1941-1945
|
| 610 |
1 |
|
|a Гражданская война 1918-1921
|
| 610 |
1 |
|
|a первая мировая
|
| 610 |
1 |
|
|a учебные пособия
|
| 686 |
|
|
|a Т3(2)6
|2 rubbk
|
| 801 |
|
0 |
|a RU
|b 63413507
|c 20011209
|g PSBO
|
| 801 |
|
2 |
|a RU
|b 63413507
|c 20191127
|g PSBO
|
| 942 |
|
|
|c BK
|